| 000 | 00509nam a2200169Ia 4500 | ||
|---|---|---|---|
| 999 |
_c20032 _d20032 |
||
| 003 | OSt | ||
| 005 | 20200609120614.0 | ||
| 008 | 190216s9999||||xx |||||||||||||| ||und|| | ||
| 020 | _a0631154868 | ||
| 040 | _coclc | ||
| 082 |
_a327.2 _bDER/O |
||
| 100 |
_aDerian, James Der _92670 |
||
| 245 | 0 |
_aOn Diplomacy A Genealogy Of Western Estrangement / _cJames Der Derian |
|
| 260 |
_bBasil Black Well Oxford, _c1987. _aUSA: |
||
| 300 | _a258p | ||
| 942 |
_cBK _2ddc _h327.2 _iDER/O _k327.2 _mDER/O |
||